Utilizacion de tres niveles de porquinaza deshidratada en la alimentacion de cerdos en acabado (Registro nro. 197811)

Detalles MARC
001 - NÚMERO DE CONTROL
campo de control 662641
005 - FECHA Y HORA DE LA ÚLTIMA TRANSACCIÓN
campo de control 20240201163301.0
008 - DATOS DE LONGITUD FIJA--INFORMACIÓN GENERAL
campo de control de longitud fija 010508s1994 spa
035 ## - NÚMERO DE CONTROL DEL SISTEMA
Número de control de sistema 662641
035 ## - NÚMERO DE CONTROL DEL SISTEMA
Número de control de sistema (OCoLC)819907083
040 ## - FUENTE DE LA CATALOGACIÓN
Centro/agencia transcriptor comduadb
041 ## - CÓDIGO DE LENGUA
Código de lengua del texto/banda sonora o título independiente spa
100 10 - ENTRADA PRINCIPAL--NOMBRE DE PERSONA
Nombre de persona Boada Cajigas, Luis Rafael
Código de función aut
Término indicativo de función/relación Autor/a
9 (RLIN) 334792
245 10 - MENCIÓN DE TÍTULO
Título Utilizacion de tres niveles de porquinaza deshidratada en la alimentacion de cerdos en acabado
650 ## - PUNTO DE ACCESO ADICIONAL DE MATERIA--TÉRMINO DE MATERIA
Término de materia o nombre geográfico como elemento de entrada Porquinaza
9 (RLIN) 19594
650 ## - PUNTO DE ACCESO ADICIONAL DE MATERIA--TÉRMINO DE MATERIA
Término de materia o nombre geográfico como elemento de entrada Alimentación animal
9 (RLIN) 26180
650 ## - PUNTO DE ACCESO ADICIONAL DE MATERIA--TÉRMINO DE MATERIA
Término de materia o nombre geográfico como elemento de entrada Porcinos
9 (RLIN) 20265
700 10 - ENTRADA AGREGADA--NOMBRE PERSONAL
Nombre de persona Duran Borrero, Fabio Hernando
Código de función aut
Término indicativo de función/relación Autor/a
9 (RLIN) 520873
700 10 - ENTRADA AGREGADA--NOMBRE PERSONAL
Nombre de persona Muñoz Chacon, Ximena
Código de función aut
Término indicativo de función/relación Autor/a
9 (RLIN) 334793
773 0# - ENLACE AL DOCUMENTO FUENTE/ENTRADA DE REGISTRO ANFITRIÓN
Título Zootecnia (Nariño)
Parte(s) relacionada(s) Vol. 02, No. 04-05, 1994/Zootecnia (Narino), p. 272-278
Número de control del registro 358602
Número Internacional Normalizado para Publicaciones Seriadas 0120-7113
Número bibliográfico anfitrión 112106
942 ## - ELEMENTOS DE ENTRADA AGREGADA (KOHA)
Tipo de ítem Koha Artículo de Revista

No hay ítems disponibles.